[Event "Verbandsliga Mittelrhein-Ost 1213"]
[Site "Germany"]
[Date "2012.09.09"]
[Round "1.7"]
[White "Deicke, Bjoern"]
[Black "Langer, Raphael"]
[Result "0-1"]
[WhiteElo "1889"]
[BlackElo "1752"]
[PlyCount "64"]
[EventDate "2012.09.09"]
[EventType "team"]
[EventRounds "11"]
[EventCountry "GER"]
[SourceTitle "EXT 2015"]
[Source "ChessBase"]
[SourceDate "2014.11.20"]
[SourceVersion "1"]
[SourceVersionDate "2014.11.20"]
[SourceQuality "1"]
[WhiteTeam "Niederkassel II"]
[BlackTeam "Lohmar"]
[WhiteTeamCountry "GER"]
[BlackTeamCountry "GER"]

1. c4 Nf6 2. Nc3 g6 3. g3 Bg7 4. Bg2 c6 5. e4 e5 6. Nge2 d6 7. 0-0 0-0 8. d3 Nbd7 9. h3 Nc5 10. Be3 Ne6 11. d4 c5 12. dxe5 dxe5 13. Nd5 Nxd5 14. cxd5 Nd4 15. Nxd4 cxd4 16. Bd2 Qb6 17. b3 Bd7 18. Kh2 Bb5 19. Re1 f5 20. f4 fxe4 21. Bxe4 exf4 22. Bxf4 d3 23. Be3 Bd4 24. Qd2 Rae8 25. Bxd4 Qxd4 26. Bg2 Rf2 27. Rxe8+ Bxe8 28. Qe1 Re2 29. Qf1 Bf7 30. Re1 Rxe1 31. Qxe1 d2 32. Qd1 Qf2 0-1

[Event "Mittelrhein Verbandsliga-O 1112"]
[Site "Germany"]
[Date "2011.09.18"]
[Round "1"]
[White "Rozsa, Sandor1"]
[Black "Langer, Raphael"]
[Result "1/2-1/2"]
[WhiteElo "1710"]
[BlackElo "1792"]
[PlyCount "133"]
[EventDate "2011.09.18"]
[EventType "team-tourn"]
[EventRounds "11"]
[EventCountry "GER"]
[SourceTitle "EXT 2013"]
[Source "ChessBase"]
[SourceDate "2012.11.22"]
[SourceVersion "1"]
[SourceVersionDate "2012.11.22"]
[SourceQuality "1"]
[WhiteTeam "Siegburg"]
[BlackTeam "Lohmar"]
[WhiteTeamCountry "GER"]
[BlackTeamCountry "GER"]

1. e4 d5 2. exd5 Nf6 3. Nc3 Nxd5 4. Qf3 c6 5. Bc4 e6 6. d3 Nd7 7. Bxd5 exd5 8. Bf4 Be7 9. Qg3 0-0 10. Nf3 Nf6 11. Bc7 Qd7 12. 0-0 Nh5 13. Qe5 f6 14. Qxh5 Qxc7 15. Rfe1 Bd6 16. Nd4 Qf7 17. Qf3 Bd7 18. Nf5 Be5 19. d4 Bxf5 20. dxe5 fxe5 21. Rxe5 Bxc2 22. Qe2 Qg6 23. Rc1 Bf5 24. Re1 Bd7 25. Qd2 Rae8 26. Rxe8 Rxe8 27. Rxe8+ Qxe8 28. Qe3 Qxe3 29. fxe3 Bg4 30. Kf2 Kf7 31. Kg3 Bh5 32. Kf4 Kf6 33. h4 h6 34. e4 g5+ 35. hxg5+ hxg5+ 36. Ke3 Ke5 37. exd5 cxd5 38. Nb5 a6 39. Nd4 Bd1 40. b4 Bg4 41. Nb3 Bf5 42. Nd4 Be4 43. g3 g4 44. a4 Bg2 45. a5 Bf1 46. Nb3 Bb5 47. Nd4 Ba4 48. Ne2 Bb3 49. Nd4 Bd1 50. b5 Kd6 51. bxa6 bxa6 52. Kd3 Kc5 53. Kc3 Ba4 54. Nf5 Bd7 55. Nd4 Bc8 56. Nb3+ Kb5 57. Kd4 Kb4 58. Nc5 Kxa5 59. Kxd5 Kb4 60. Kd4 a5 61. Nd3+ Kb5 62. Kc3 Be6 63. Kb2 Kc4 64. Nf2 Kd4 65. Ka3 Ke3 66. Nxg4+ Bxg4 67. Ka4 1/2-1/2

[Event "Troisdorf op"]
[Site "Troisdorf"]
[Date "2008.11.18"]
[Round "6"]
[White "Stier, Artem"]
[Black "Langer, Raphael"]
[Result "0-1"]
[WhiteElo "1874"]
[BlackElo "1592"]
[PlyCount "72"]
[EventDate "2008.10.14"]
[EventType "swiss"]
[EventRounds "7"]
[EventCountry "GER"]
[SourceTitle "EXT 2011"]
[Source "ChessBase"]
[SourceDate "2010.11.26"]
[SourceVersion "1"]
[SourceVersionDate "2010.11.26"]
[SourceQuality "1"]

1. e4 g6 2. d4 Bg7 3. Nc3 d6 4. f4 c6 5. Be2 Nf6 6. Nf3 0-0 7. 0-0 b5 8. a3 Bb7 9. Qe1 a5 10. e5 Nfd7 11. Ne4 d5 12. Neg5 h6 13. Qh4 e6 14. Bd3 Re8 15. Qh3 hxg5 16. Nxg5 Nf8 17. f5 exf5 18. Bxf5 Bc8 19. e6 Bxe6 20. Bxe6 Bxd4+ 21. Kh1 Rxe6 22. Nxf7 Rf6 23. Bg5 Kxf7 24. Rae1 Kg8 25. Rf4 Bxb2 26. c3 Qd7 27. Bxf6 Qxh3 28. gxh3 Nbd7 29. Bg5 Bxc3 30. Rc1 d4 31. h4 b4 32. h5 Ne6 33. Rg4 gxh5 34. Rg2 Kh7 35. Be7 b3 36. Rf1 Rg8 0-1

[Event "Troisdorf op"]
[Site "Troisdorf"]
[Date "2008.10.28"]
[Round "3"]
[White "Langer, Raphael"]
[Black "Reuter, Gabriel"]
[Result "1/2-1/2"]
[WhiteElo "1592"]
[BlackElo "1487"]
[PlyCount "107"]
[EventDate "2008.10.14"]
[EventType "swiss"]
[EventRounds "7"]
[EventCountry "GER"]
[SourceTitle "EXT 2011"]
[Source "ChessBase"]
[SourceDate "2010.11.26"]
[SourceVersion "1"]
[SourceVersionDate "2010.11.26"]
[SourceQuality "1"]

1. d4 f5 2. c4 Nf6 3. Nc3 e6 4. Nf3 Be7 5. g3 0-0 6. Bg2 d5 7. cxd5 exd5 8. 0-0 Ne4 9. Bf4 c6 10. Rc1 Nd7 11. a4 Qe8 12. Na2 a5 13. Rb1 Ra6 14. Nc1 Bd6 15. Bxd6 Nxd6 16. Nd3 b5 17. e3 Rf6 18. Qc2 Nc4 19. b3 Na3 20. Qe2 Nxb1 21. Rxb1 Rb6 22. Nc5 Nxc5 23. dxc5 Rb7 24. axb5 Rxb5 25. Rc1 Rxb3 26. Qa2 Rxe3 27. Qxa5 Re4 28. Rb1 Rf8 29. Rb8 Qd8 30. Qa3 Qc7 31. Rb1 Bd7 32. Ng5 Ree8 33. Qd3 h6 34. Bxd5+ cxd5 35. Qxd5+ Kh8 36. Nf7+ Rxf7 37. Qxf7 Qc6 38. Rd1 Be6 39. Rd6 Bxf7 40. Rxc6 Kg8 41. f4 Re1+ 42. Kf2 Rc1 43. Rc8+ Kh7 44. h3 Bd5 45. g4 fxg4 46. hxg4 Rc3 47. f5 Rf3+ 48. Ke2 Rg3 49. c6 Bc4+ 50. Kf2 Rxg4 51. c7 Ba6 52. Ra8 Bb7 53. Rb8 Ba6 54. Ra8 1/2-1/2

[Event "NRW-ch U12"]
[Site "Kranenburg"]
[Date "2005.03.28"]
[Round "1"]
[White "Langer, Raphael"]
[Black "Bashylin, Vsevolod"]
[Result "0-1"]
[WhiteElo "1026"]
[BlackElo "1323"]
[PlyCount "32"]
[EventDate "2005.03.28"]
[EventType "swiss"]
[EventRounds "7"]
[EventCountry "GER"]
[SourceTitle "CBM 105 Extra"]
[Source "ChessBase"]
[SourceDate "2005.05.01"]
[SourceVersion "1"]
[SourceVersionDate "2005.05.01"]
[SourceQuality "1"]

1. e4 e5 2. Bc4 Nf6 3. Nc3 d6 4. Nf3 Be7 5. 0-0 0-0 6. d4 exd4 7. Qxd4 a6 8. Bg5 b5 9. Bd5 Nxd5 10. Nxd5 Bxg5 11. Nxg5 Qxg5 12. Nxc7 Bh3 13. g3 Nc6 14. Qd5 Qf6 15. Nxa8 Qf3 16. e5 Qxd5 0-1